Taylor Swift song titles in other songs 2 - Statistics

General Stats
  • This quiz has been taken 36 times
  • The average score is 4 of 11
Answer Stats
Lyric Song(s) % Correct
'red' All Too Well | The Moment I Knew | Nothing New | Style | Wildest Dreams | Now That We Don't Talk | Is It Over Now? | End Game | I Did Something Bad | Look What You Made Me Do | Daylight | the lakes | gold rush
92%
'Peter' cardigan
72%
'so it goes' The Very First Night | You Are In Love | Style
44%
'maroon' Chloe or Sam or Sophia or Marcus
32%
'ivy' Don't Blame Me
28%
'seven' Mary's Song (Oh My My My) | The Best Day | happiness | The Tortured Poets Department
28%
'this love' Love Story | Ours | State Of Grace | Afterglow | False God | Death By A Thousand Cuts | exile | Lavender Haze
24%
'that's when' Timeless | Stay Stay Stay | Clean | The Bolter
24%
'last kiss' Come Back... Be Here | Wildest Dreams
20%
'the man' Come In With The Rain
12%
'the outside' Now That We Don't Talk
4%
No matching quizzes found
Score Distribution
Percent of People with Each Score
Percentile by Number Answered
Your Score History
You have not taken this quiz